2012 Commemorative Euro Coins Quiz - Statistics

General Stats
  • This quiz has been taken 9 times
  • The average score is 9 of 13
Answer Stats
Picture Answer % Correct
Vatican City
100%
France
83%
Germany
83%
Luxembourg
83%
Luxembourg
83%
Malta
83%
Monaco
67%
Portugal
67%
Belgium
50%
Eurozone
50%
Finland
50%
Spain
50%
Italy
33%
No matching quizzes found
Score Distribution
Percent of People with Each Score
Percentile by Number Answered
Your Score History
You have not taken this quiz